<?xml version="1.0" encoding="UTF-8"?>
<record
    xmlns:xsi="http://www.w3.org/2001/XMLSchema-instance"
    xsi:schemaLocation="http://www.loc.gov/MARC21/slim http://www.loc.gov/standards/marcxml/schema/MARC21slim.xsd"
    xmlns="http://www.loc.gov/MARC21/slim">

  <leader>03297ncm0a2200409   4500</leader>
  <controlfield tag="001">RU\NLR\ONIZ\212462</controlfield>
  <controlfield tag="005">20250624195737.0</controlfield>
  <datafield tag="035" ind1=" " ind2=" ">
    <subfield code="a">(NLR Aleph) 010891982</subfield>
  </datafield>
  <datafield tag="090" ind1=" " ind2=" ">
    <subfield code="a">10559157</subfield>
    <subfield code="c">10559157</subfield>
  </datafield>
  <datafield tag="100" ind1=" " ind2=" ">
    <subfield code="a">20150808d2004    |||y0rusy50      ca</subfield>
  </datafield>
  <datafield tag="101" ind1="0" ind2=" ">
    <subfield code="a">rus</subfield>
  </datafield>
  <datafield tag="102" ind1=" " ind2=" ">
    <subfield code="a">RU</subfield>
  </datafield>
  <datafield tag="125" ind1=" " ind2=" ">
    <subfield code="a">ax</subfield>
  </datafield>
  <datafield tag="200" ind1="1" ind2=" ">
    <subfield code="a">&#x424;&#x43E;&#x440;&#x442;&#x435;&#x43F;&#x438;&#x430;&#x43D;&#x43D;&#x430;&#x44F; &#x43C;&#x438;&#x43D;&#x438;&#x430;&#x442;&#x44E;&#x440;&#x430; &#x432; &#x437;&#x430;&#x440;&#x443;&#x431;&#x435;&#x436;&#x43D;&#x43E;&#x439; &#x43C;&#x443;&#x437;&#x44B;&#x43A;&#x435;</subfield>
    <subfield code="b">&#x41D;&#x43E;&#x442;&#x44B;</subfield>
    <subfield code="d">Piano miniature in foreign music</subfield>
    <subfield code="h">&#x412;&#x44B;&#x43F;. 2</subfield>
    <subfield code="f">&#x421;&#x43E;&#x441;&#x442;. &#x41B;. &#x41A;&#x43E;&#x441;&#x442;&#x440;&#x43E;&#x43C;&#x438;&#x442;&#x438;&#x43D;&#x430;, &#x415;. &#x411;&#x43E;&#x440;&#x438;&#x441;&#x43E;&#x432;&#x430;</subfield>
    <subfield code="z">eng</subfield>
  </datafield>
  <datafield tag="210" ind1=" " ind2=" ">
    <subfield code="a">&#x421;&#x430;&#x43D;&#x43A;&#x442;-&#x41F;&#x435;&#x442;&#x435;&#x440;&#x431;&#x443;&#x440;&#x433;</subfield>
    <subfield code="c">&#x413;&#x430;&#x440;&#x43C;&#x43E;&#x43D;&#x438;&#x44F;</subfield>
    <subfield code="d">2004</subfield>
  </datafield>
  <datafield tag="215" ind1=" " ind2=" ">
    <subfield code="a">36 &#x441;.</subfield>
    <subfield code="d">29 &#x441;&#x43C;</subfield>
  </datafield>
  <datafield tag="327" ind1="1" ind2=" ">
    <subfield code="a">1. &#x41F;&#x435;&#x441;&#x43D;&#x44F; &#x431;&#x435;&#x437; &#x441;&#x43B;&#x43E;&#x432; : [Es-dur : op. 67 &#x2116; 1] = Song without words / &#x424;. &#x41C;&#x435;&#x43D;&#x434;&#x435;&#x43B;&#x44C;&#x441;&#x43E;&#x43D;.</subfield>
    <subfield code="a">2. &#x416;&#x435;&#x43B;&#x430;&#x43D;&#x438;&#x435; = Desire / &#x424;. &#x428;&#x43E;&#x43F;&#x435;&#x43D; - &#x424;. &#x41B;&#x438;&#x441;&#x442;.</subfield>
    <subfield code="a">3. &#x41F;&#x440;&#x435;&#x43B;&#x44E;&#x434;&#x438;&#x44F; = Prelude / &#x414;. &#x413;&#x435;&#x440;&#x448;&#x432;&#x438;&#x43D;.</subfield>
    <subfield code="a">4. &#x413;&#x440;&#x451;&#x437;&#x44B; = Revery / &#x420;. &#x428;&#x443;&#x43C;&#x430;&#x43D;.</subfield>
    <subfield code="a">5. &#x423;&#x442;&#x435;&#x448;&#x435;&#x43D;&#x438;&#x435; = Consolation / &#x424;. &#x41B;&#x438;&#x441;&#x442;.</subfield>
    <subfield code="a">6. &#x418;&#x43D;&#x442;&#x435;&#x440;&#x43C;&#x435;&#x446;&#x446;&#x43E; = Interlude : [As-dur] / &#x418;. &#x411;&#x440;&#x430;&#x43C;&#x441;.</subfield>
    <subfield code="a">7. &#x41F;&#x43E;&#x440;&#x44B;&#x432; = Soaring / &#x420;. &#x428;&#x443;&#x43C;&#x430;&#x43D;</subfield>
  </datafield>
  <datafield tag="464" ind1=" " ind2="0">
    <subfield code="1">2001#$a&#x41F;&#x435;&#x441;&#x43D;&#x44F; &#x431;&#x435;&#x437; &#x441;&#x43B;&#x43E;&#x432;$e[Es-dur$eop. 67 &#x2116; 1]$dSong without words$f&#x424;. &#x41C;&#x435;&#x43D;&#x434;&#x435;&#x43B;&#x44C;&#x441;&#x43E;&#x43D;$zeng</subfield>
    <subfield code="1">215##$a&#x421;.3-5</subfield>
    <subfield code="1">701#1$9z01790$a&#x41C;&#x435;&#x43D;&#x434;&#x435;&#x43B;&#x44C;&#x441;&#x43E;&#x43D;-&#x411;&#x430;&#x440;&#x442;&#x43E;&#x43B;&#x44C;&#x434;&#x438;$b&#x424;.$g&#x424;&#x435;&#x43B;&#x438;&#x43A;&#x441;$f1809-1847$4070$7ca</subfield>
    <subfield code="1">790#1$9z01701$aMendelssohn$bF.$gFelix$f1809-1847$4070$7ba</subfield>
    <subfield code="t">&#x41F;&#x435;&#x441;&#x43D;&#x44F; &#x431;&#x435;&#x437; &#x441;&#x43B;&#x43E;&#x432;</subfield>
  </datafield>
  <datafield tag="464" ind1=" " ind2="0">
    <subfield code="1">2001#$a&#x416;&#x435;&#x43B;&#x430;&#x43D;&#x438;&#x435;$dDesire$zeng$f&#x424;. &#x428;&#x43E;&#x43F;&#x435;&#x43D; - &#x424;. &#x41B;&#x438;&#x441;&#x442;</subfield>
    <subfield code="1">215##$a&#x421;.6-14</subfield>
    <subfield code="1">701#1$9z01790$a&#x428;&#x43E;&#x43F;&#x435;&#x43D;$b&#x424;.$g&#x424;&#x440;&#x438;&#x434;&#x435;&#x440;&#x438;&#x43A;$f1810-1849$4230</subfield>
    <subfield code="1">790#1$9z01701$aChopin$bF.$gFr&#xE9;d&#xE9;rik$f1810-1849$4230</subfield>
    <subfield code="t">&#x416;&#x435;&#x43B;&#x430;&#x43D;&#x438;&#x435;</subfield>
  </datafield>
  <datafield tag="464" ind1=" " ind2="0">
    <subfield code="1">2001#$a&#x41F;&#x440;&#x435;&#x43B;&#x44E;&#x434;&#x438;&#x44F;$dPrelude$zeng$f&#x414;. &#x413;&#x435;&#x440;&#x448;&#x432;&#x438;&#x43D;</subfield>
    <subfield code="1">215##$a&#x421;.15-18</subfield>
    <subfield code="1">701#1$9z01790$a&#x413;&#x435;&#x440;&#x448;&#x432;&#x438;&#x43D;$b&#x414;.$g&#x414;&#x436;&#x43E;&#x440;&#x434;&#x436;$f1898-1937$4070$7ca</subfield>
    <subfield code="1">790#1$9z01701$aGershwin$bG.$gGeorge$f1898-1937$4070$7ba</subfield>
    <subfield code="t">&#x41F;&#x440;&#x435;&#x43B;&#x44E;&#x434;&#x438;&#x44F;</subfield>
  </datafield>
  <datafield tag="464" ind1=" " ind2="0">
    <subfield code="1">2001#$a&#x413;&#x440;&#x451;&#x437;&#x44B;$dRevery$zeng$f&#x420;. &#x428;&#x443;&#x43C;&#x430;&#x43D;</subfield>
    <subfield code="1">215##$a&#x421;.19</subfield>
    <subfield code="1">701#1$9z01790$a&#x428;&#x443;&#x43C;&#x430;&#x43D;$b&#x420;.$g&#x420;&#x43E;&#x431;&#x435;&#x440;&#x442;$f1810-1856$4070$7ca</subfield>
    <subfield code="1">790#1$9z01701$aSchumann$bR.$gRobert$f1810-1856$4070$7ba</subfield>
    <subfield code="t">&#x413;&#x440;&#x451;&#x437;&#x44B;</subfield>
  </datafield>
  <datafield tag="464" ind1=" " ind2="0">
    <subfield code="1">2001#$a&#x423;&#x442;&#x435;&#x448;&#x435;&#x43D;&#x438;&#x435;$dConsolation$zeng$f&#x424;. &#x41B;&#x438;&#x441;&#x442;</subfield>
    <subfield code="1">215##$a&#x421;.20-22</subfield>
    <subfield code="1">701#1$9z01790$a&#x41B;&#x438;&#x441;&#x442;$b&#x424;.$g&#x424;&#x435;&#x440;&#x435;&#x43D;&#x446;$f1811-1886$4070$7ca</subfield>
    <subfield code="1">790#1$9z01701$aLiszt$bF.$gFerenz$f1811-1886$4070$7ba</subfield>
    <subfield code="t">&#x423;&#x442;&#x435;&#x448;&#x435;&#x43D;&#x438;&#x435;</subfield>
  </datafield>
  <datafield tag="464" ind1=" " ind2="0">
    <subfield code="1">2001#$a&#x418;&#x43D;&#x442;&#x435;&#x440;&#x43C;&#x435;&#x446;&#x446;&#x43E;$dInterlude$e[As-dur]$zeng$f&#x418;. &#x411;&#x440;&#x430;&#x43C;&#x441;</subfield>
    <subfield code="1">215##$a&#x421;.23-28</subfield>
    <subfield code="1">701#1$9z01790$a&#x411;&#x440;&#x430;&#x43C;&#x441;$b&#x418;.$g&#x418;&#x43E;&#x433;&#x430;&#x43D;&#x43D;&#x435;&#x441;$f1833-1897$4070$7ca</subfield>
    <subfield code="1">790#1$9z01701$aBrahms$bJ.$gJohannes$f1833-1897$4070$7ba</subfield>
    <subfield code="t">&#x418;&#x43D;&#x442;&#x435;&#x440;&#x43C;&#x435;&#x446;&#x446;&#x43E;</subfield>
  </datafield>
  <datafield tag="464" ind1=" " ind2="0">
    <subfield code="1">2001#$a&#x41F;&#x43E;&#x440;&#x44B;&#x432;$dSoaring$zeng$f&#x420;. &#x428;&#x443;&#x43C;&#x430;&#x43D;</subfield>
    <subfield code="1">215##$a&#x421;.29-36</subfield>
    <subfield code="1">701#1$9z01790$a&#x428;&#x443;&#x43C;&#x430;&#x43D;$b&#x420;.$g&#x420;&#x43E;&#x431;&#x435;&#x440;&#x442;$f1810-1856$4070$7ca</subfield>
    <subfield code="1">790#1$9z01701$aSchumann$bR.$gRobert$f1810-1856$4070$7ba</subfield>
    <subfield code="t">&#x41F;&#x43E;&#x440;&#x44B;&#x432;</subfield>
  </datafield>
  <datafield tag="686" ind1=" " ind2=" ">
    <subfield code="a">&#x429;954.2-058&#x44F;43(4)</subfield>
    <subfield code="v">LBC/SL</subfield>
    <subfield code="2">rubbk</subfield>
  </datafield>
  <datafield tag="702" ind1=" " ind2="1">
    <subfield code="9">z01790</subfield>
    <subfield code="a">&#x41A;&#x43E;&#x441;&#x442;&#x440;&#x43E;&#x43C;&#x438;&#x442;&#x438;&#x43D;&#x430;</subfield>
    <subfield code="b">&#x41B;. &#x412;.</subfield>
    <subfield code="g">&#x41B;&#x44E;&#x434;&#x43C;&#x438;&#x43B;&#x430; &#x412;&#x43B;&#x430;&#x434;&#x438;&#x43C;&#x438;&#x440;&#x43E;&#x432;&#x43D;&#x430;</subfield>
    <subfield code="4">340</subfield>
  </datafield>
  <datafield tag="702" ind1=" " ind2="1">
    <subfield code="9">z02790</subfield>
    <subfield code="a">&#x411;&#x43E;&#x440;&#x438;&#x441;&#x43E;&#x432;&#x430;</subfield>
    <subfield code="b">&#x415;.</subfield>
    <subfield code="4">340</subfield>
  </datafield>
  <datafield tag="790" ind1=" " ind2="1">
    <subfield code="9">z01702</subfield>
    <subfield code="a">Kostromitina</subfield>
    <subfield code="b">L. V.</subfield>
    <subfield code="g">Lyudmila Vladimirovna</subfield>
    <subfield code="4">340</subfield>
  </datafield>
  <datafield tag="790" ind1=" " ind2="1">
    <subfield code="9">z02702</subfield>
    <subfield code="a">Borisova</subfield>
    <subfield code="b">E.</subfield>
    <subfield code="4">340</subfield>
  </datafield>
  <datafield tag="801" ind1=" " ind2="0">
    <subfield code="a">RU</subfield>
    <subfield code="b">NLR</subfield>
    <subfield code="c">20150808</subfield>
    <subfield code="g">PSBO</subfield>
  </datafield>
  <datafield tag="801" ind1=" " ind2="1">
    <subfield code="a">RU</subfield>
    <subfield code="b">NLR</subfield>
    <subfield code="c">20150808</subfield>
    <subfield code="2">rusmarc</subfield>
  </datafield>
  <datafield tag="801" ind1=" " ind2="2">
    <subfield code="a">RU</subfield>
    <subfield code="b">NLR</subfield>
    <subfield code="c">20151106</subfield>
  </datafield>
  <datafield tag="852" ind1=" " ind2=" ">
    <subfield code="a">NLR</subfield>
    <subfield code="b">&#x41C;</subfield>
    <subfield code="j">&#x41A;-3/26216(2)</subfield>
    <subfield code="p">278543</subfield>
    <subfield code="t">1</subfield>
  </datafield>
  <datafield tag="942" ind1=" " ind2=" ">
    <subfield code="c">SCORE</subfield>
  </datafield>
  <datafield tag="980" ind1=" " ind2=" ">
    <subfield code="a">NB</subfield>
  </datafield>
  <datafield tag="980" ind1=" " ind2=" ">
    <subfield code="a">ONIZ</subfield>
  </datafield>
  <datafield tag="995" ind1=" " ind2=" ">
    <subfield code="5">2015-08-08</subfield>
    <subfield code="b">NLR01</subfield>
    <subfield code="c">NLR01</subfield>
    <subfield code="e">ONIZ</subfield>
    <subfield code="k">&#x41A;-3/26216(2) &#x41A;-3/26216(2)</subfield>
    <subfield code="o">0</subfield>
    <subfield code="r">SCORE</subfield>
    <subfield code="s">3262162_3262162</subfield>
  </datafield>
</record>
